Statistics for Most Rookie Receiving yards in a NFL season

Click here to take the quiz!

General Stats

  • This quiz has been taken 16 times
  • The average score is 4 of 10

Answer Stats

HintAnswer% Correct
2021Ja’Marr Chase
100%
2020Justin Jefferson
92%
1998Randy Moss
92%
2014Odell Beckham Jr
42%
2016Michael Thomas
25%
2003Anquan Boldin
17%
1996Terry Glenn
8%
1960Bill Groman
0%
1952Billy Howton
0%
2004Michael Clayton
0%

Score Distribution

Percentile by Number Answered

Percent of People with Each Score

Your Score History

You have not taken this quiz